The impact of financial assistance programs on health care utilization: Evidence from Kaiser Permanente (Record no. 521021)

000 -LEADER
fixed length control field 01285nam a22001457a 4500
008 - FIXED-LENGTH DATA ELEMENTS--GENERAL INFORMATION
fixed length control field 221207b ||||| |||| 00| 0 eng d
100 ## - MAIN ENTRY--PERSONAL NAME
Personal name Adams, Alyce et al
245 ## - TITLE STATEMENT
Title The impact of financial assistance programs on health care utilization: Evidence from Kaiser Permanente
260 ## - PUBLICATION, DISTRIBUTION, ETC. (IMPRINT)
Place of publication, distribution, etc The American Economic Review: Insights
300 ## - PHYSICAL DESCRIPTION
Extent 4(3), Sep, 2022: p.389-407
520 ## - SUMMARY, ETC.
Summary, etc Most hospitals have financial assistance programs for low-income patients. We use administrative data from Kaiser Permanente to study the effects of financial assistance on health care utilization. Using a regression discontinuity design based on an income threshold for program eligibility, we find that financial assistance increases the likelihood of inpatient, ambulatory, and emergency department encounters by 3.6 pp (59 percent), 13.4 pp (20 percent), and 6.7 pp (53 percent), respectively, though effects dissipate three quarters after program receipt. Financial assistance also increases the detection and management of treatment-sensitive conditions (e.g., drugs treating diabetes), suggesting that financial assistance may increase receipt of high-value care. – Reproduced
773 ## - HOST ITEM ENTRY
Main entry heading The American Economic Review: Insights
906 ## - LOCAL DATA ELEMENT F, LDF (RLIN)
Subject DIP HEALTH SERVICES
942 ## - ADDED ENTRY ELEMENTS (KOHA)
Item type Articles
Holdings
Withdrawn status Lost status Source of classification or shelving scheme Damaged status Not for loan Permanent location Current location Date acquired Serial Enumeration / chronology Barcode Date last seen Koha item type
          Indian Institute of Public Administration Indian Institute of Public Administration 2022-12-07 4(3), Sep, 2022: p.389-407 AR127581 2022-12-07 Articles

Powered by Koha